| 000 | 00615nam a22002057a 4500 | ||
|---|---|---|---|
| 001 | 00028719 | ||
| 005 | 20260408081425.0 | ||
| 008 | 260408b ag ||||| |||| 00| 0 spa d | ||
| 020 | _a9789879478219 | ||
| 040 |
_bspa _cAR-CcCEOS |
||
| 080 | _a860-36(82) | ||
| 090 | _bSEN | ||
| 100 | 1 |
_aSendra, Fernando, _d1949- _91027 |
|
| 245 |
_aSendra Clasificado : _bPolítica me afrezco para político porque no me queda otra elección / _cFernando Sendra |
||
| 250 | _a1ª ed. | ||
| 260 |
_aBuenos Aires : _bBuenos Días, _c2009. |
||
| 300 |
_a96 p. ; _c17x17 cm. |
||
| 650 | 0 | _aliteratura infantil | |
| 942 |
_2udc _cBK |
||
| 999 |
_c28753 _d28753 |
||
| 945 |
_c66467 _dMelina Rolando |
||